منتخب افسانے : (Record no. 108562)

MARC details
000 -LEADER
fixed length control field 00849nam a22002537a 4500
005 - DATE AND TIME OF LATEST TRANSACTION
control field 20170123162341.0
010 ## - LIBRARY OF CONGRESS CONTROL NUMBER
LC control number B-012768
020 ## - INTERNATIONAL STANDARD BOOK NUMBER
Terms of availability 90.00
035 ## - SYSTEM CONTROL NUMBER
System control number B-012768
037 ## - SOURCE OF ACQUISITION
Source of stock number/acquisition Cen Lib/Ret
040 ## - CATALOGING SOURCE
Original cataloging agency DPL
Language of cataloging UR
082 ## - DEWEY DECIMAL CLASSIFICATION NUMBER
Classification number 841
Item number ن ن د
245 ## - TITLE STATEMENT
Title منتخب افسانے :
Statement of responsibility, etc مرتب نند کشور وکرم
Remainder of title ١٩٩٨ /
246 ## - VARYING FORM OF TITLE
Title proper/short title Muntakhab afsane : 1998 /
Remainder of title edited by Nand Kishor Vikram
260 ## - PUBLICATION, DISTRIBUTION, ETC. (IMPRINT)
Place of publication, distribution, etc دہلی
Name of publisher, distributor, etc پبلشرس اینڈ انڈیا
Date of publication, distribution, etc 1999
270 ## - ADDRESS
City دہلی
Address J-6 کرشن نگر
Postal code 110051
300 ## - PHYSICAL DESCRIPTION
Extent 144p.
Dimensions 21cm(Hb)
650 ## - SUBJECT ADDED ENTRY--TOPICAL TERM
Topical term or geographic name as entry element ادب -- اردو
9 (RLIN) 127609
650 ## - SUBJECT ADDED ENTRY--TOPICAL TERM
Topical term or geographic name as entry element اردو سوانے عمری
9 (RLIN) 127610
650 ## - SUBJECT ADDED ENTRY--TOPICAL TERM
Topical term or geographic name as entry element Urdu literature
9 (RLIN) 127611
650 ## - SUBJECT ADDED ENTRY--TOPICAL TERM
Topical term or geographic name as entry element Urdu -- biography
9 (RLIN) 511
700 ## - ADDED ENTRY--PERSONAL NAME
Personal name نند کشور وکرم
9 (RLIN) 127612
942 ## - ADDED ENTRY ELEMENTS (KOHA)
Source of classification or shelving scheme Dewey Decimal Classification
Koha item type Urdu Bks
Classification part 841
Call number suffix ن ن د
Holdings
Withdrawn status Lost status Damaged status Not for loan Home library Current library Date acquired Source of acquisition Cost, normal purchase price Total Checkouts Full call number Barcode Date last seen Copy number Cost, replacement price Price effective from Koha item type
        Central Library Central Library 23/01/2016 Cen Lib/Ret 90.00   841 ن ن د B-012768 23/01/2016 1 90.00 23/01/2016 Urdu Bks

© Delhi Public Library
Hit Counter
free hit counter